000 00702nam a22001937a 4500
999 _c176766
_d176766
005 20210128114005.0
010 _aUR-11011
020 _c200.00
_a9789390533190
035 _aU-9566
037 _bDBAD/PUB
082 _a844
100 _aا حسن ا ما م ا حسن
245 _aبہا ر بنگا ل،اڈ يسہ کے قلم کا ر
_cا حسن ا ما م ا حسن
246 _bBihar Bangal,Orissa Ke Qalamkar(Urdu)
_aby Ahsan Imam Ahsan
260 _aN.Delhi
_bEducational Publishing House D1/16,Ansari Road, Darya Ganj,
_c2020 ء
270 _aD1/16,Ansari Road, Darya Ganj,
_bN.Delhi
_e110002
_l-
300 _a192 ص
_c22 Cm(Hb)
942 _2ddc
_cUR
_h844
_mا ح س